00621nam a2200193Ia 450000500170000000800410001701000200005804000190007804100120009708200150010910000170012424500910014126000480023230000270028044000340030750400500034165000260039185000100041720230821102401.0131103s9999 xx 000 0 und d a090866118 (pbk) aLoreto College aEnglish a914.2bFRE aFreeman,T.W. aGeography and regional administrationb England and Wales : 1830 - 1968cT.W.Freeman aLondonbHutchinson University Libraryc1968 a200 p.b illus.34 fig. aHutchinson University Library aIncludes bibliographical references and index aGeography of England  aLCLIB